00571 a2200181 450000500170000000800410001701000140005802000230007203500130009503700150010808200080012310000180013124501060014926000230025527000610027830000310033950000190037020080826170634.0080826t xxu||||| |||| 00| 0 eng d aENG-87229 a8172149789c500.00 aEN-70762 bDBAD / PUB a280 aSobanaraj, S. aDiversity in Paul's eschatologycby S. SobanarajbPaul's view on the Parousia and bodily resurrection aDelhibISPCKc2007 a1585, 1654, Madarsa Road, Kashmere Gate,bDelhie110 006 axviii, 474p.c24cm (pbk ) aIncludes index